| 000 -LEADER |
| fixed length control field |
00783nam a22001097a 4500 |
| 008 - FIXED-LENGTH DATA ELEMENTS--GENERAL INFORMATION |
| fixed length control field |
161024b xxu||||| |||| 00| 0 eng d |
| 100 ## - MAIN ENTRY--AUTHOR'S NAME |
| Author's Name |
O'Keefe, Donna |
| 245 ## - TITLE STATEMENT |
| Title |
Linn's stamp identifier |
| Remainder of title |
Revised and Expanded |
| 260 ## - PUBLICATION, DISTRIBUTION, ETC. (IMPRINT) |
| Place of publication, distribution, etc. |
Sidney, OH |
| Name of publisher, distributor, etc. |
Linn's stamp identifier |
| Date of publication, distribution, etc. |
2004 |
| 650 ## - TOPICAL TERM (Tag) |
| Topical term or geographic name |
Collecting -- Identification -- Stamp Finders | Collecting -- Guides and Handbooks | Designs -- Inscriptions and Lettering | Overprints and Surcharges | Provisionals and Forerunners | Occupation Issues | Locals and Private Posts | Revenues | Postal Tax Issues | Telegraph Issues | Bogus Issues | Unissued Issues | Seals and Labels | Cinderella Material | Nondenominated Stamps | Postal Stationery | Embossed Issues | Essays and Proofs | Specimens | Translation Guides and Services |
| 700 ## - SECONDARY AUTHOR, EDITOR OR ILLUSTRATOR |
| Personal Name |
Miller, Rick |